[Event "FRA-ch"]
[Site "Chambery"]
[Date "1994.??.??"]
[Round "?"]
[White "Apicella, Manuel"]
[Black "Chomet, Pascal"]
[Result "1/2-1/2"]
[WhiteElo "2465"]
[BlackElo "2355"]

1.e4 c5 2.Nf3 e6 3.d4 cxd4 4.Nxd4 a6 5.Bd3 g6 6.O-O Bg7 7.c3 Nc6 8.Nxc6 bxc6
9.Qa4 Qc7 10.Nd2 Nf6 11.Nf3 e5 12.c4 d6 13.c5 d5 14.Nxe5 dxe4 15.Bxe4 Nxe4
16.Qxe4 Bxe5 17.f4 Bf5 18.Qxe5+ Qxe5 19.fxe5 O-O-O 20.Bg5 Rd5 21.Rac1 Kd7
22.b3 Rb8 23.Rfd1 Be6 24.Rxd5+ Bxd5 25.Bd2 Ke6 26.Bc3 a5 27.Kf2 Rb5 28.Ba1 Rb4
29.g3 h5 30.Ke3 a4 31.Bc3 Re4+ 32.Kd3 axb3 33.axb3 Rg4 34.b4 h4 35.Rg1 hxg3
36.hxg3 Bc4+ 37.Ke3 Bd5 38.Kd3 Bc4+ 39.Ke3 Bd5 40.Bd4 Kd7 41.Kd3 Kc7 42.Bc3 Kb7
43.Bd2 Re4 44.Bc3 Rg4 45.Ke3 Kc8 46.Kf2 Rc4 47.Rc1 Kb7 48.Ke3 Rg4 49.Kf2 Rc4
50.Ke3  1/2-1/2

[Event "CZE-ch (Women)"]
[Site "Chrudim"]
[Date "1994.??.??"]
[Round "8"]
[White "Pallova, Martina"]
[Black "Palkova, H."]
[Result "1-0"]
[WhiteElo "2070"]
[BlackElo "1985"]

1.e4 c5 2.Nf3 e6 3.d4 cxd4 4.Nxd4 a6 5.Bd3 Nf6 6.O-O Qc7 7.Qe2 d6 8.c4 Nbd7
9.f4 Be7 10.Nc3 O-O 11.Kh1 b6 12.g4 Nc5 13.Bb1 Bb7 14.g5 Ne8 15.f5 exf5 16.Nxf5 Bd8
17.Nd5 Bxd5 18.exd5 f6 19.Nd4 a5 20.Bxh7+ Kxh7 21.Qh5+ Kg8 22.g6 Rf7 23.Re1  1-0

[Event "Copenhagen op16"]
[Site "Copenhagen"]
[Date "1994.??.??"]
[Round "6"]
[White "Steinbacher, Matthias"]
[Black "Auchenberg, Per"]
[Result "1-0"]
[WhiteElo "2390"]
[BlackElo "2160"]

1.e4 c5 2.Nf3 e6 3.d4 cxd4 4.Nxd4 a6 5.Bd3 Nf6 6.O-O Qc7 7.Qe2 Bd6 8.f4 Bc5
9.Be3 Qb6 10.c3 Nc6 11.Kh1 Nxd4 12.cxd4 Bxd4 13.Bxd4 Qxd4 14.Nc3 d6 15.Rad1 Qc5
16.e5 dxe5 17.fxe5 Nd7 18.Ne4 Qxe5 19.Bb5 axb5 20.Nd6+ Kf8 21.Rxf7+ Kg8 22.Rxd7 Qf6
23.Qxe6+  1-0

[Event "Copenhagen op16"]
[Site "Copenhagen"]
[Date "1994.??.??"]
[Round "8"]
[White "Furhoff, Johan"]
[Black "Mortensen, Erling"]
[Result "0-1"]
[WhiteElo "2320"]
[BlackElo "2470"]

1.e4 c5 2.Nf3 e6 3.d4 cxd4 4.Nxd4 a6 5.Bd3 Ne7 6.O-O Nec6 7.Nb3 d6 8.f4 Nd7
9.a4 b6 10.Bd2 Be7 11.Qf3 Bb7 12.Bc3 O-O 13.Qh3 e5 14.Na3 exf4 15.Rxf4 Nde5
16.Nc4 Bg5 17.Rff1 Bc8 18.Qg3 Be6 19.Nbd2 f6 20.Kh1 Kh8 21.Rad1 Qb8 22.Be2 b5
23.axb5 axb5 24.Nxd6 Qxd6 25.Nf3 Qc5 26.Nxg5 fxg5 27.b4 Nxb4 28.Bxe5 Rxf1+
29.Rxf1 h6 30.c3 Nc6 31.Bd6 Qb6 32.Bd3 Qa5 33.Bb1 Qa1 34.Qf3 g4 35.Qe3 Qb2
36.Kg1 Kg8 37.Qc5 Na5 38.Qe5 Re8 39.Qf4 Nc4 40.Bd3 Qxc3 41.Bxc4 Bxc4 42.Rd1 Bb3
43.Qc1 Qxc1 44.Rxc1 Rxe4 45.Rc7 Re2 46.Re7 Ra2 47.g3 Bd5 48.Be5 g5 49.Rg7+ Kf8
50.Rh7 Rg2+ 51.Kf1 Rxh2 52.Kg1 Rh1+ 53.Kf2 h5 54.Ke3 h4 55.gxh4 gxh4 56.Rd7 Be6
57.Bd6+ Kg8 58.Re7 g3  0-1

[Event "Djakovo op"]
[Site "Djakovo"]
[Date "1994.??.??"]
[Round "9"]
[White "Rogic, Davor"]
[Black "Vadla, Zeljko"]
[Result "1-0"]
[WhiteElo "2390"]
[BlackElo "2245"]

1.e4 c5 2.Nf3 e6 3.d4 cxd4 4.Nxd4 a6 5.Bd3 Nf6 6.O-O d6 7.c4 b6 8.Nc3 Bb7
9.Be3 Be7 10.Qe2 Nbd7 11.Rfd1 O-O 12.Rac1 Qc7 13.f3 Rfe8 14.Qf2 Rac8 15.Bf1 Qb8
16.Kh1 g6 17.a3 Bd8 18.b4 Ne5 19.Nb3 Nxc4 20.Bxc4 Rxc4 21.Bxb6 Be7 22.Na5 Rcc8
23.Ba7 Qa8 24.Qb6 Bc6 25.Qxa6 Rc7 26.Qb6 Qxa7 27.Qxa7 Rxa7 28.Nxc6 Rxa3 29.Nb5 Rb3
30.Nc7 Nxe4 31.fxe4 Bg5 32.Nxe8  1-0

[Event "Hessen-ch"]
[Site "Doernigheim"]
[Date "1994.??.??"]
[Round "1"]
[White "Zude, Arno"]
[Black "Drill, Frank"]
[Result "1-0"]
[WhiteElo "2435"]
[BlackElo "2205"]

1.e4 c5 2.Nf3 e6 3.d4 cxd4 4.Nxd4 a6 5.Bd3 Nf6 6.O-O d6 7.c4 Be7 8.b3 O-O
9.Bb2 Qc7 10.Nc3 b6 11.Rc1 Bb7 12.Kh1 Nbd7 13.Qe2 Rfe8 14.f4 Bf8 15.Rce1 g6
16.Bb1 Rac8 17.Qf2 Bg7 18.Rd1 Qb8 19.Nf3 Rcd8 20.Rfe1 Ba8 21.Qe2 Bb7 22.Ng5 Nf8
23.Rf1 Bc6 24.e5 Nh5 25.Nce4 dxe5 26.Rxd8 Rxd8 27.fxe5 Bxe4 28.Qxe4 f5 29.exf6 Nxf6
30.Bxf6 Bxf6 31.Nxe6 Rd6 32.Nxf8 Qxf8 33.Qb7 a5 34.Be4 Qe7 35.Bd5+ Kg7 36.Qxe7+ Bxe7
37.Rf7+  1-0

[Event "Hessen-ch"]
[Site "Doernigheim"]
[Date "1994.??.??"]
[Round "3"]
[White "Schmitzer, Klaus"]
[Black "Drill, Frank"]
[Result "1-0"]
[WhiteElo "2320"]
[BlackElo "2205"]

1.e4 c5 2.Nf3 e6 3.d4 cxd4 4.Nxd4 a6 5.Bd3 Nf6 6.c4 Be7 7.O-O d6 8.Nc3 O-O
9.Be3 Nbd7 10.Rc1 Qc7 11.b3 Re8 12.Qe2 b6 13.f3 Bb7 14.Rfd1 Rac8 15.Bb1 Qb8
16.f4 Bf8 17.Bf2 g6 18.Bh4 Bg7 19.Nf3 Nh5 20.Qd2 d5 21.e5 Bh6 22.Bg5 Bxg5
23.Nxg5 h6 24.Nh3 Qc7 25.cxd5 Qc5+ 26.Kh1 exd5 27.Ne4 Qe7 28.Nd6 Rxc1 29.Rxc1 Rb8
30.Nxb7 Nxe5 31.fxe5 Qxe5 32.Qxh6 Qb2 33.Nd6 Qf6 34.Nxf7 Qxf7 35.Bxg6 Qf6
36.Bh7+ Kh8 37.Qxh5  1-0

[Event "Hessen-ch (Women)"]
[Site "Doernigheim"]
[Date "1994.??.??"]
[Round "5"]
[White "Weng, Annegret"]
[Black "Zahn, Nicol"]
[Result "1-0"]
[WhiteElo "2120"]
[BlackElo "2070"]

1.e4 c5 2.Nf3 e6 3.d4 cxd4 4.Nxd4 a6 5.Bd3 Bc5 6.Nb3 Ba7 7.Qe2 Qc7 8.Be3 Bxe3
9.Qxe3 Nf6 10.Nc3 O-O 11.O-O-O Nc6 12.f4 d6 13.g4 b5 14.g5 Nd7 15.f5 b4 16.Ne2 Nde5
17.f6 Nxd3+ 18.Qxd3 Rd8 19.Qg3 e5 20.Qh4 Na5 21.Ng3 Nxb3+ 22.axb3 Be6 23.Kb1 a5
24.fxg7 a4 25.Nh5 f5 26.Nf6+ Kf7 27.Qxh7 Rg8 28.exf5 a3 29.fxe6+ Kxe6 30.Nxg8 axb2
31.Qg6+ Kd7 32.Qf7+  1-0

[Event "Dresden (Women)"]
[Site "Dresden"]
[Date "1994.??.??"]
[Round "?"]
[White "Micic, Jordanka"]
[Black "Jahn, Constanze"]
[Result "1-0"]
[WhiteElo "2330"]
[BlackElo "2235"]

1.e4 c5 2.Nf3 e6 3.d4 cxd4 4.Nxd4 a6 5.Bd3 Qc7 6.O-O Bc5 7.Nb3 Be7 8.Nc3 d6
9.a4 Nf6 10.a5 O-O 11.Be3 Nbd7 12.f4 b5 13.axb6 Nxb6 14.Qe2 Bb7 15.Na5 Nbd7
16.Nxb7 Qxb7 17.Ra2 a5 18.Rfa1 e5 19.f5 Rfb8 20.Kh1 Qb4 21.Bd2 Qb6 22.Bc4 Bd8
23.Be3 Qc6 24.Bg5 Rb4 25.Bd5 Nxd5 26.Nxd5 Qb5 27.Qxb5 Rxb5 28.Bxd8 Rxd8 29.b3 Nc5
30.Nc3 Rb4 31.Rxa5 h6 32.Re1 Rd4 33.Kg1 Rd2 34.Ra2 Rc8 35.Kf1 Kf8 36.b4 Nd7
37.Rd1 Rxd1+ 38.Nxd1 Rc4 39.Ra8+ Ke7 40.Ne3 Nb6 41.Ra7+ Kf6 42.Nxc4 Nxc4
43.Ke2  1-0

[Event "Dresden op"]
[Site "Dresden"]
[Date "1994.??.??"]
[Round "?"]
[White "Slobodjan, Roman"]
[Black "Bezold, Michael"]
[Result "0-1"]
[WhiteElo "2490"]
[BlackElo "2475"]

1.e4 c5 2.Nf3 e6 3.d4 cxd4 4.Nxd4 a6 5.Bd3 Bc5 6.Nb3 Ba7 7.Qe2 Nc6 8.Be3 d6
9.f4 Nf6 10.Bxa7 Rxa7 11.g4 Nd7 12.Qf2 g5 13.h4 gxf4 14.Qxf4 Qf6 15.Qxf6 Nxf6
16.g5 Ng4 17.Nc3 Bd7 18.Be2 Nge5 19.O-O-O Ke7 20.Rd2 h6 21.Rhd1 hxg5 22.hxg5 Rg8
23.Rxd6 Rxg5 24.Nc5 b5 25.Nxd7 Rxd7 26.Rxd7+ Nxd7 27.a3 Rg2 28.b3 Nc5 29.b4 Nxe4
30.Bf3 Rg3 31.Nxe4 Rxf3 32.Rd6 Nxb4 33.axb4 Rf4 34.Rxa6 Rxe4 35.Ra7+ Kf8
36.c3 f5 37.Kd2 f4 38.Kd3 Re3+ 39.Kd4 Re1 40.c4 f3 41.Ra2 e5+ 42.Kd5 bxc4
43.b5 e4 44.b6 e3 45.Ke4 f2 46.b7 Rb1 47.Ra1 e2  0-1

[Event "RUS-ch (Women)"]
[Site "Elista"]
[Date "1994.??.??"]
[Round "?"]
[White "Kulish, Irina"]
[Black "Sirotkina, Nina"]
[Result "1/2-1/2"]
[WhiteElo "2235"]
[BlackElo "2225"]

1.e4 c5 2.Nf3 e6 3.d4 cxd4 4.Nxd4 a6 5.Bd3 Nf6 6.O-O Qc7 7.Nc3 b5 8.a3 Bb7
9.Kh1 Nc6 10.Nxc6 Qxc6 11.Qe2 b4 12.axb4 Bxb4 13.f3 d6 14.Na4 Nd7 15.c3 Ba5
16.b4 Bd8 17.b5 axb5 18.Bxb5 Qc7 19.Ba3 Bc6 20.Bb4 O-O 21.Rfd1 Bxb5 22.Qxb5 Be7
23.Nb2  1/2-1/2

[Event "EUCup Gr1"]
[Site "Eupen"]
[Date "1994.??.??"]
[Round "?"]
[White "Watzka, Horst"]
[Black "Kaldor, Avraham"]
[Result "1-0"]
[WhiteElo "2340"]
[BlackElo "2255"]

1.e4 c5 2.Nf3 e6 3.d4 cxd4 4.Nxd4 a6 5.Bd3 Qc7 6.O-O Nf6 7.Qe2 d6 8.Nc3 b5
9.a4 b4 10.Na2 d5 11.exd5 Nxd5 12.c4 bxc3 13.Nxc3 Nxc3 14.bxc3 Be7 15.Rb1 Nd7
16.Bd2 Nc5 17.Be4 Ra7 18.Bc6+ Nd7 19.Be4 Nf6 20.Bc6+ Bd7 21.Bxd7+ Qxd7 22.Rb8+ Bd8
23.Be3 Rb7 24.Ra8 Qxa4 25.Rxa6 Qd7 26.Nc6 O-O 27.c4 Qc8 28.Nxd8 Rxd8 29.Bg5 Rc7
30.Bxf6 gxf6 31.Qg4+ Kf8 32.Ra4 Ke7 33.h3 Rg8 34.Qf3 Qd7 35.Rfa1 Rg5 36.Ra8 Qd6
37.R1a7 Rc5 38.Rxc7+ Qxc7 39.Qa3 Qd6 40.g3 f5 41.Qc3 Qe5 42.Qd2 Qc7 43.Qg5+ Kd6
44.Rd8+ Kc6 45.Qg8 Kb6 46.Rb8+ Ka5 47.Rb1 Ka4 48.Qe8+ Qc6 49.Qb8  1-0

[Event "FIN-chT"]
[Site "?"]
[Date "1994.??.??"]
[Round "?"]
[White "Lehto, Ville"]
[Black "Kivisto, Mikko"]
[Result "0-1"]
[WhiteElo "2310"]
[BlackElo "2285"]

1.e4 c5 2.Nf3 e6 3.d4 cxd4 4.Nxd4 a6 5.Bd3 Nf6 6.O-O d6 7.c4 Bd7 8.Qe2 Nc6
9.Nxc6 Bxc6 10.Nc3 Be7 11.f4 O-O 12.Kh1 Re8 13.e5 Nd7 14.exd6 Bxd6 15.Ne4 Bf8
16.Ng5 g6 17.Be3 Bg7 18.Rad1 h6 19.Ne4 Nf6 20.Bb1 Qc7 21.Nxf6+ Bxf6 22.Qf2 b5
23.Bb6 Qb7 24.Bd4 Bxd4 25.Rxd4 bxc4 26.Rfd1 e5 27.fxe5 Rxe5 28.Rg4 Rg5 29.Rxg5 hxg5
30.h4 gxh4 31.Qxh4 Qxb2 32.Qg3 Rc8 33.Qg4 Kg7 34.Rf1 Rh8+  0-1

[Event "FRA-chT "]
[Site "FRA"]
[Date "1994.??.??"]
[Round "1"]
[White "Desbones, Samy"]
[Black "Koch, Jean Rene"]
[Result "0-1"]
[WhiteElo "2210"]
[BlackElo "2490"]

1.e4 c5 2.Nf3 e6 3.d4 cxd4 4.Nxd4 a6 5.Bd3 Nf6 6.O-O Qc7 7.c4 Nc6 8.Nxc6 dxc6
9.Nd2 e5 10.b3 Bc5 11.Bb2 O-O 12.Qc2 Re8 13.Bc3 a5 14.Rad1 Bg4 15.Rde1 Rad8
16.h3 Qd6 17.Be2 Bb4 18.Nb1 Bxe2 19.Rxe2 Qd3 20.Rfe1 Qxc2 21.Rxc2 Rd3 22.Kf1 Red8
23.Bxb4 axb4 24.g3 R8d4 25.Rce2 g5 26.Kg2 h5 27.f3 Kg7 28.g4 h4 29.Kf2 Nd7
30.Re3 Nc5 31.Ke2 Ne6 32.Rh1 Nf4+ 33.Kf2 Rxe3 34.Kxe3 Rd3+ 35.Kf2 c5  0-1

[Event "Garmisch"]
[Site "Garmisch"]
[Date "1994.??.??"]
[Round "12"]
[White "Lutz, Christopher"]
[Black "Stangl, Markus"]
[Result "1-0"]
[WhiteElo "2580"]
[BlackElo "2535"]

1.e4 c5 2.Nf3 e6 3.d4 cxd4 4.Nxd4 a6 5.Bd3 Bc5 6.Nb3 Ba7 7.Qe2 Nc6 8.Nc3 d6
9.Be3 b5 10.O-O-O Nge7 11.f4 b4 12.Na4 Qc7 13.Rhf1 Bd7 14.e5 dxe5 15.Bxa7 Rxa7
16.Nac5 Bc8 17.Qh5 exf4 18.Rde1 Qd6 19.Ne4 Qe5 20.Ng5 Qf6 21.Nxh7 Qh6 22.Qxh6 gxh6
23.Nf6+ Kd8 24.Rxf4 Ng6 25.Bxg6 fxg6 26.Nc5 Ke7 27.Nd3 a5 28.Nd5+ Kd6 29.Nb6 Ba6
30.Rf6 Re7 31.Nf4 Rhe8 32.Nbd5 Rg7 33.Nxe6 Kxd5 34.Rd1+ Ke5 35.Nxg7 Rc8 36.Rxg6 Bc4
37.b3 Bf7 38.Rg3  1-0

[Event "BL2-N9394"]
[Site "Germany"]
[Date "1994.??.??"]
[Round "?"]
[White "Schwekendiek, Ulrich"]
[Black "Mattick, Lutz"]
[Result "0-1"]
[WhiteElo "2310"]
[BlackElo "2230"]

1.e4 c5 2.Nf3 e6 3.d4 cxd4 4.Nxd4 a6 5.Bd3 Nf6 6.O-O Qc7 7.Nd2 d6 8.Kh1 Be7
9.f4 O-O 10.Qe1 e5 11.fxe5 dxe5 12.Nf5 Bxf5 13.Rxf5 Nc6 14.Qg3 Kh8 15.Nf3 g6
16.Bh6 Ng8 17.Bxf8 Rxf8 18.Rg5 Bxg5 19.Qxg5 Qe7 20.Qxe7 Ngxe7 21.Bc4 Kg7
22.Rd1 Nc8 23.Bb3 Re8 24.Kg1 Kf6 25.Kf2 Ke7 26.Ke3 Nd6 27.Bd5 f6 28.c4 Rd8
29.Rc1 Nb4 30.c5 Nf5+ 31.exf5 Nxd5+ 32.Ke4 gxf5+ 33.Kxf5 Rg8 34.g3 h5 35.c6 Rg4
36.Re1 bxc6 37.Re4 Kf7 38.Rxg4 Ne7+ 39.Ke4 hxg4 40.Nh4 Ke6 41.Ng2 f5+ 42.Kd3 Nd5
43.Ne1 Nb4+  0-1

[Event "BL2-S9394"]
[Site "Germany"]
[Date "1994.??.??"]
[Round "?"]
[White "Arnold, Lothar"]
[Black "Klebel, Martin"]
[Result "1/2-1/2"]
[WhiteElo "2340"]
[BlackElo "2420"]

1.e4 c5 2.Nf3 e6 3.d4 cxd4 4.Nxd4 a6 5.Bd3 Nf6 6.O-O Qc7 7.Qe2 d6 8.c4 g6
9.Nc3 Bg7 10.Be3 O-O 11.Rac1 Nbd7 12.Rfd1 b6 13.f3 Ne5 14.b3 Bb7 15.Bb1 Rac8
16.Na4 Rfe8 17.Qf2 Nfd7 18.h3 Nc5 19.Nc3 Qb8 20.f4 Nc6 21.Rd2 Nxd4 22.Bxd4 e5
23.fxe5 Bxe5 24.Rcd1 Bc6 25.Bxe5 dxe5 26.Rd6 Red8 27.Qf6 Rxd6 28.Rxd6 Nd7
29.Rxd7 Bxd7 30.Nd5 Re8 31.Ne7+ Rxe7 32.Qxe7 Be6 33.Bd3 Qc8 34.b4 Bxc4 35.Bxc4 Qxc4
36.Qe8+ Kg7 37.Qxe5+ f6 38.Qe7+ Qf7 39.Qd6 Qxa2 40.Qc7+ Kh6 41.Qf4+ Kg7  1/2-1/2

[Event "BL2-S9394"]
[Site "Germany"]
[Date "1994.??.??"]
[Round "?"]
[White "Howell, James C"]
[Black "Schneider, Bernd"]
[Result "1-0"]
[WhiteElo "2495"]
[BlackElo "2395"]

1.e4 c5 2.Nf3 e6 3.d4 cxd4 4.Nxd4 a6 5.Bd3 Qc7 6.O-O Nf6 7.Qe2 d6 8.c4 Nc6
9.Nxc6 bxc6 10.Nc3 Be7 11.f4 e5 12.f5 g6 13.Bg5 gxf5 14.exf5 Bb7 15.Rae1 Rg8
16.Bxf6 Bxf6 17.Ne4 Be7 18.f6 Bf8 19.c5 dxc5 20.Bc4 Rg6 21.Kh1 O-O-O 22.Rf3 a5
23.Rb3 Rd4 24.a3 a4 25.Rc3 Kb8 26.Qc2 Rg4 27.h3 Rf4 28.Rce3 Qa5 29.Bxf7 Ba6
30.Qc3 Qxc3 31.bxc3 Rd3 32.c4 Rd4 33.g3 Rf5 34.Be6 Rxe4 35.Rxe4 Rxf6 36.Rxe5 Bd6
37.R5e3 h5 38.Kg2 Kc7 39.Rf1 Rh6 40.Rf7+ Kb6 41.Rd7 Bf8 42.Re1 h4 43.g4  1-0

[Event "BL2-S9394"]
[Site "Germany"]
[Date "1994.??.??"]
[Round "?"]
[White "Howell, James C"]
[Black "Syska, Albert"]
[Result "1-0"]
[WhiteElo "2495"]
[BlackElo "2290"]

1.e4 c5 2.Nf3 e6 3.d4 cxd4 4.Nxd4 a6 5.Bd3 Bc5 6.Nb3 Ba7 7.Qe2 Nc6 8.Be3 Bxe3
9.Qxe3 Nf6 10.Nc3 O-O 11.O-O-O b5 12.e5 Ng4 13.Qe4 f5 14.exf6 Nxf6 15.Qh4 Ne5
16.Be2 d5 17.Rhe1 Ng6 18.Qb4 a5 19.Qxb5 Bd7 20.Qb7 Rf7 21.Nd4 Be8 22.Qb3 a4
23.Qa3 e5 24.Ne6 Qc8 25.Ng5 Rc7 26.Rd2 h6 27.Nf3 Rb8 28.Bf1 Qf5 29.Nxe5 Re7
30.Bd3 Qg5 31.Bxg6 Rxe5 32.Rxe5 Qxe5 33.Bxe8 Rxe8 34.Qxa4 Qxh2 35.b3 Qxg2
36.Nxd5 Re1+ 37.Kb2 Nxd5 38.Qa8+ Kh7 39.Qxd5 Qg1  1-0

[Event "BL9394 (Women)"]
[Site "Germany"]
[Date "1994.??.??"]
[Round "?"]
[White "Lauterbach, Ingrid"]
[Black "Zahn, Nicol"]
[Result "0-1"]
[WhiteElo "2140"]
[BlackElo "2070"]

1.e4 c5 2.Nf3 e6 3.d4 cxd4 4.Nxd4 a6 5.Bd3 Bc5 6.Nb3 Ba7 7.Qe2 d6 8.Be3 Bxe3
9.Qxe3 Nf6 10.Nc3 Nc6 11.O-O-O O-O 12.f4 Qc7 13.g4 b5 14.g5 Ne8 15.Rhg1 b4
16.Ne2 a5 17.Kb1 a4 18.Nbd4 Nxd4 19.Nxd4 Ba6 20.Bxa6 Rxa6 21.Qd3 Rb6 22.f5 e5
23.Ne2 Qc5 24.Rg2 Nc7 25.Ng3 Nb5 26.Rgd2 b3 27.cxb3 axb3 28.a3 Rc8 29.Ne2 Nxa3+
30.bxa3 Qxa3 31.Rb2 Ra6 32.Qxa6 Qxa6 33.Rxb3 Qc4 34.Kb2 Qc2+  0-1

[Event "BL2-S9394"]
[Site "Germany"]
[Date "1994.??.??"]
[Round "?"]
[White "Mueller, Olaf"]
[Black "Schneider, Bernd"]
[Result "1/2-1/2"]
[WhiteElo "2345"]
[BlackElo "2395"]

1.e4 c5 2.Nf3 e6 3.d4 cxd4 4.Nxd4 a6 5.Bd3 Qc7 6.O-O Nf6 7.c4 b6 8.Qe2 d6
9.b3 Bb7 10.Bb2 Nbd7 11.Nd2 g6 12.Rad1 Bg7 13.N4f3 O-O 14.Rfe1 Rfd8 15.Bb1 Rac8
16.Nf1 Qb8 17.Nd4 e5 18.Nf3 Nc5 19.N3d2 Nh5 20.Ne3 Bc6 21.Nd5 Qb7 22.Nf1 b5
23.Nfe3 Nf6 24.f3 bxc4 25.bxc4 Nxd5 26.cxd5 Bb5 27.Qf2 Qb6 28.Bc2 Qa5 29.a3 h5
30.Qd2 Qxd2 31.Rxd2 Bh6 32.Rdd1 Na4 33.Bxa4 Bxa4 34.Rc1 Rxc1 35.Bxc1 Rc8
36.Bd2 Kf8 37.Rb1 Bb5 38.Kf2 Ke8 39.Rb2 Kd7 40.Bb4 Rc1 41.Bd2 Ra1 42.Bb4 Bg5
43.Rc2 Rh1 44.Nc4 Bh4+ 45.Ke3 Bg5+ 46.Kf2 Bh4+ 47.Ke3  1/2-1/2

[Event "BL9394 (Women)"]
[Site "Germany"]
[Date "1994.??.??"]
[Round "?"]
[White "Erneste, Inguna"]
[Black "Bojkovic, Natasa"]
[Result "1/2-1/2"]
[WhiteElo "2300"]
[BlackElo "2410"]

1.e4 c5 2.Nf3 e6 3.d4 cxd4 4.Nxd4 a6 5.Bd3 b6 6.O-O Bb7 7.Qe2 d6 8.f4 Nf6
9.Kh1 Be7 10.c4 Nc6 11.Nxc6 Bxc6 12.Nc3 Nd7 13.Be3 O-O 14.Rad1 Qc7 15.Qf2 Bf6
16.Bb1 Bxc3 17.bxc3 Nc5 18.Rfe1 Nxe4 19.Bxe4 Bxe4 20.Bxb6 Qc6 21.Ba5 Qxc4
22.Rd4 Qb5 23.Bb4 Bd5 24.Bxd6 Rfd8 25.Be5 f6 26.Rb4 Qa5 27.Bd4 Qxa2 28.Qxa2 Bxa2
29.Ra1 Bd5 30.Kg1 Rab8 31.Rab1 Rxb4 32.Rxb4 Kf7 33.g3 Ra8 34.Bb6 Rc8 35.Bd4 Kg6  1/2-1/2

[Event "Oberliga Nord N9394"]
[Site "Germany"]
[Date "1994.??.??"]
[Round "?"]
[White "Rossmann, Helmut"]
[Black "Neukirch, Detlef"]
[Result "0-1"]
[WhiteElo "2255"]
[BlackElo "2315"]

1.e4 c5 2.Nf3 e6 3.d4 cxd4 4.Nxd4 a6 5.Bd3 Bc5 6.Nb3 Ba7 7.Qe2 Nc6 8.Be3 e5
9.c4 Bxe3 10.Qxe3 d6 11.Nc3 Nf6 12.O-O O-O 13.Be2 Be6 14.Rfd1 Qb8 15.Nd5 Bxd5
16.cxd5 Ne7 17.Rac1 b6 18.f3 Nd7 19.g3 f5 20.Bf1 g6 21.Bh3 Kg7 22.Rc3 a5
23.Nc1 Nc5 24.b3 fxe4 25.fxe4 Ng8 26.Nd3 Nf6 27.Nf2 b5 28.Rdc1 b4 29.Rxc5 dxc5
30.Nd3 Rf7 31.Nxc5 h6 32.Kh1 Kh7 33.Nd3 Raa7 34.Be6 Rg7 35.Qf3 Nd7 36.h4 h5
37.g4 hxg4 38.Qxg4 Nf6 39.Qf3 Nh5 40.Rc8 Qd6 41.Rc6 Qd8 42.Qf2 a4 43.Nxe5 axb3
44.axb3 Ra2 45.Qxa2 Qxh4+ 46.Kg2 Qg3+ 47.Kh1 Qxe5 48.Rc4 Qg3 49.d6 Qxd6 50.Bg4 Rf7
51.Bxh5 gxh5 52.Qe2 Qe5 53.Rxb4 Rg7 54.Rb5 Qa1+  0-1

[Event "BL2-S9394"]
[Site "Germany"]
[Date "1994.??.??"]
[Round "?"]
[White "Vonthron, Horst"]
[Black "Zeller, Frank"]
[Result "1-0"]
[WhiteElo "2355"]
[BlackElo "2330"]

1.e4 c5 2.Nf3 e6 3.d4 cxd4 4.Nxd4 a6 5.Bd3 Nf6 6.O-O d6 7.Bg5 Nbd7 8.Kh1 Qb6
9.Nb3 Qc7 10.f4 Be7 11.c4 b6 12.Nc3 Bb7 13.Qe2 h6 14.Bh4 Nxe4 15.Bxe4 Bxh4
16.Bxb7 Qxb7 17.Rad1 Be7 18.Ne4 Qc7 19.Qd2 O-O 20.f5 exf5 21.Nxd6 Bg5 22.Qd5 f4
23.Nxf7 Rxf7 24.Qxa8+ Kh7 25.Qe4+ g6 26.Nd4 Qxc4 27.b3 Qb4 28.Qd5 Qe7 29.Rfe1 Qf6
30.Nf3 Nc5 31.Re5 Rc7 32.b4 Na4 33.h4 Bxh4 34.Qd7+  1-0

[Event "BL2-S9394"]
[Site "Germany"]
[Date "1994.??.??"]
[Round "?"]
[White "Zeller, Frank"]
[Black "Bosbach, Gerhard"]
[Result "1-0"]
[WhiteElo "2330"]
[BlackElo "2255"]

1.e4 c5 2.Nf3 e6 3.d4 cxd4 4.Nxd4 a6 5.Bd3 Bc5 6.Nb3 Ba7 7.Qe2 Nc6 8.Be3 Nf6
9.Nc3 d6 10.f4 e5 11.O-O Bg4 12.Qd2 exf4 13.Bxa7 Rxa7 14.Rxf4 Ne5 15.Raf1 Be6
16.Nd4 Nfd7 17.Nxe6 fxe6 18.Be2 Nf6 19.Rd1 Nf7 20.e5 Nxe5 21.Rxf6 gxf6 22.Bh5+ Ke7
23.Ne4 b5 24.Qf2  1-0

[Event "BL9394 (Women)"]
[Site "Germany"]
[Date "1994.??.??"]
[Round "?"]
[White "Sadkiewicz, Joanna"]
[Black "Jahn, Constanze"]
[Result "1-0"]
[WhiteElo "2225"]
[BlackElo "2235"]

1.e4 c5 2.Nf3 e6 3.d4 cxd4 4.Nxd4 a6 5.Bd3 Qc7 6.Nc3 Nf6 7.O-O Be7 8.Kh1 O-O
9.f4 d6 10.Qe2 Nbd7 11.Bd2 b5 12.Rae1 Bb7 13.e5 Ne8 14.Qh5 g6 15.Qh6 Ng7
16.Re3 Rfd8 17.Ne4 Bxe4 18.Bxe4 Qc4 19.Bd3 Qxd4 20.Rh3 Nf8 21.Bc3 Bg5 22.fxg5 Qc5
23.exd6 e5 24.Ba5 Rd7 25.Qh4 Re8 26.a3 Nge6 27.Bc3 Nf4 28.Rhf3 Nxd3 29.Rxd3 e4
30.Rh3 e3 31.Qh6 f5 32.gxf6 Rf7 33.Re1 e2 34.Qd2 Qf2 35.Rf3 Qc5 36.Bb4 Qc4
37.b3 Qh4 38.Rxe2 Rxe2 39.Qxe2 Rxf6 40.d7  1-0

[Event "NRW-Liga II 9394"]
[Site "Germany"]
[Date "1994.??.??"]
[Round "?"]
[White "Hall, Jesper"]
[Black "Konikowski, Jerzy"]
[Result "1-0"]
[WhiteElo "2430"]
[BlackElo "2345"]

1.e4 c5 2.Nf3 e6 3.d4 cxd4 4.Nxd4 a6 5.Bd3 Nf6 6.O-O Qc7 7.Kh1 d6 8.f4 Be7
9.Nc3 Nbd7 10.Qf3 b6 11.Bd2 Bb7 12.b4 g6 13.Qh3 O-O 14.Rae1 Rfe8 15.e5 Nh5
16.f5 Nxe5 17.fxe6 f6 18.Be4 d5 19.Nxd5 Bxd5 20.Bxd5 Rad8 21.Qb3 Qd6 22.c4 Nxc4
23.Bxc4 Qxd4 24.Be3 Qd6 25.Bxa6 Qxb4 26.Qxb4 Bxb4 27.Rb1 Bc5 28.Bxc5 bxc5
29.g4 Ng7 30.Rxf6 Rd6 31.Bb5 Rb6 32.Rb3 Re7 33.Bc4 Rxb3 34.Bxb3 h5 35.Rxg6 hxg4
36.Rxg4 Kf8 37.Rg6 Ne8 38.h4 Nd6 39.Bd5 Rh7 40.Rf6+  1-0

[Event "Giessen Feb-IM"]
[Site "Giessen"]
[Date "1994.??.??"]
[Round "7"]
[White "Roeberg, Frank"]
[Black "Adamski, Jan"]
[Result "1/2-1/2"]
[WhiteElo "2310"]
[BlackElo "2415"]

1.e4 c5 2.Nf3 e6 3.d4 cxd4 4.Nxd4 a6 5.Bd3 d6 6.O-O Nf6 7.Qe2 g6 8.c4 Bg7
9.Nc3 O-O 10.Nf3 Nc6 11.h3 Nd7 12.Bf4 Qc7 13.Rac1 Nce5 14.Rfd1  1/2-1/2

[Event "Giessen Feb-IM"]
[Site "Giessen"]
[Date "1994.??.??"]
[Round "9"]
[White "Tondivar, Babak"]
[Black "Adamski, Jan"]
[Result "1/2-1/2"]
[WhiteElo "2345"]
[BlackElo "2415"]

1.d4 e6 2.e4 c5 3.Nf3 cxd4 4.Nxd4 a6 5.Bd3 Nf6 6.O-O d6 7.c4 Bd7 8.Nc3 Nc6
9.Be3 Ne5 10.Be2 Rc8 11.b3 Qa5 12.Rc1 Be7 13.f4 Nc6 14.Bf3 O-O 15.Qd2 Nxd4
16.Bxd4 Bc6 17.Rfd1 Kh8 18.Qf2 b5 19.e5 dxe5 20.fxe5 Nd7 21.cxb5 axb5 22.Ne4 b4
23.Nd6 Bxd6 24.Bxc6 Nxe5 25.Bxe5 Bxe5 26.Rc5 Rfd8 27.Rxd8+ Qxd8 28.Rxe5 Rxc6
29.Re1 f5 30.h3 h6 31.Qf4 Qb6+ 32.Kh1 Rc2 33.Qe3 Qc6 34.Re2 Rxe2 35.Qxe2 Qc1+
36.Kh2 Qf4+ 37.Kh1 e5 38.Qb5 Qc1+ 39.Kh2 Qf4+ 40.Kh1 Qd4 41.Qe8+ Kh7 42.Qf8 Qf4
43.a4 bxa3 44.Qxa3 Qf1+ 45.Kh2 e4 46.b4 Qf2 47.Qg3 Qd4 48.Qf4 Qd5 49.g4 fxg4
50.hxg4 Qa2+ 51.Kg3 Qb3+ 52.Kf2 Qxb4 53.Qf5+ Kg8 54.Qe6+ Kf8 55.Qf5+ Ke8
56.Qg6+ Kd8 57.Qxg7 Qd2+ 58.Kf1 e3 59.Qf8+ Kd7 60.Qg7+ Kc8 61.Qf8+ Kc7 62.Qg7+ Kc8
63.Qf8+ Kc7 64.Qg7+  1/2-1/2

[Event "Goch op"]
[Site "Goch"]
[Date "1994.??.??"]
[Round "1"]
[White "Kurtz, Murray"]
[Black "Thier, Juergen"]
[Result "1-0"]
[WhiteElo "1630"]
[BlackElo "1940"]

1.e4 c5 2.Nf3 e6 3.d4 cxd4 4.Nxd4 a6 5.Bd3 Bc5 6.c3 Qb6 7.O-O Bxd4 8.cxd4 Qxd4
9.Nc3 Qb6 10.Qg4 Kf8 11.Be3 Qxb2 12.Rfc1 Ne7 13.Na4 Qe5 14.Nb6 Nbc6 15.Nxa8 Nb4
16.Nb6 f5 17.exf5 Nxd3 18.Rxc8+ Kf7 19.fxe6+ dxe6 20.Bd4 Nxf2 21.Qf3+ Qf5
22.Qxf5+ exf5 23.Rxh8  1-0

[Event "Groningen op"]
[Site "Groningen"]
[Date "1994.??.??"]
[Round "3"]
[White "Taeger, Winfried"]
[Black "Landa, Konstantin"]
[Result "0-1"]
[WhiteElo "2325"]
[BlackElo "2510"]

1.e4 c5 2.Nf3 e6 3.d4 cxd4 4.Nxd4 a6 5.Bd3 g6 6.O-O Bg7 7.Be3 d5 8.exd5 Qxd5
9.Nc3 Qd6 10.Be4 Nf6 11.Bf3 Nbd7 12.Nb3 Qc7 13.Re1 O-O 14.Bd4 Re8 15.Ne4 e5
16.Bc3 Nxe4 17.Bxe4 Nf6 18.Bf3 Bf5 19.Ba5 Qc8 20.c3 Rb8 21.Bb6 Nd7 22.Ba7 Ra8
23.Be3 Qc7 24.Bg4 Bxg4 25.Qxg4 f5 26.Qd1 Nf6 27.f3 Rad8 28.Qc2 e4 29.Qf2 Qc6
30.Nd4 Qd5 31.Bg5 Rd6 32.Bxf6 Rxf6 33.b3 Rd6 34.Rad1 Qa5 35.fxe4 fxe4 36.Rf1 Rf6
37.Qc2 e3 38.Rxf6 Bxf6 39.Ne2 Qh5 40.c4 Be5 41.g3 Rf8  0-1

[Event "Groningen op"]
[Site "Groningen"]
[Date "1994.??.??"]
[Round "3"]
[White "Ziatdinov, Raset"]
[Black "Spangenberg, Hugo"]
[Result "0-1"]
[WhiteElo "2410"]
[BlackElo "2530"]

1.e4 c5 2.Nf3 e6 3.d4 cxd4 4.Nxd4 a6 5.Bd3 Bc5 6.Nb3 Ba7 7.O-O Nc6 8.Nc3 Nf6
9.Kh1 d6 10.Bg5 h6 11.Bxf6 Qxf6 12.f4 Qe7 13.Qh5 g6 14.Qh3 Bd7 15.Rae1 O-O-O
16.Qf3 Rdf8 17.e5 d5 18.Ne2 f6 19.c4 dxc4 20.Bxc4 fxe5 21.Qc3 Qf6 22.Qc1 Kb8
23.fxe5 Qg5 24.Nf4 Nxe5 25.Qd2 Nxc4 26.Qxd7  0-1

[Event "Groningen op"]
[Site "Groningen"]
[Date "1994.??.??"]
[Round "9"]
[White "Stisis, Yaacov"]
[Black "Landa, Konstantin"]
[Result "1-0"]
[WhiteElo "2400"]
[BlackElo "2510"]

1.e4 c5 2.Nf3 e6 3.d4 cxd4 4.Nxd4 a6 5.Bd3 g6 6.O-O Bg7 7.Be3 d5 8.exd5 Qxd5
9.Nc3 Qd8 10.Be2 Nf6 11.Nb3 Nbd7 12.Qd6 Qe7 13.Rad1 Nd5 14.Qxe7+ Nxe7 15.Ne4 Nd5
16.Bc1 N7f6 17.Nxf6+ Bxf6 18.Bf3 O-O 19.Bxd5 exd5 20.Rxd5 Bf5 21.c3 Bb1 22.Bh6 Bxa2
23.Bxf8 Bxb3 24.Rd6 Be5 25.Rb6 Bc4 26.Re1 Re8 27.Bh6 Bxh2+ 28.Kxh2 Rxe1 29.Rxb7 Bb5
30.c4 Be8 31.Be3 Re2 32.Kg3 f6 33.b4 Rc2 34.c5 Rc4 35.Bh6 Re4 36.Rg7+ Kh8
37.Ra7 Re6 38.Ra8 Kg8 39.c6 Kf7 40.c7 Bd7 41.Rd8  1-0